header

How to assess students and trainees in medicine and health (Record no. 57260)

MARC details
000 -LEADER
fixed length control field 01373nam a2200325 a 4500
082 04 - DEWEY DECIMAL CLASSIFICATION NUMBER
Classification number 610.71/1
245 00 - TITLE STATEMENT
Title How to assess students and trainees in medicine and health
260 ## - PUBLICATION, DISTRIBUTION, ETC. (IMPRINT)
Place of publication Chichester, England :
Name of publisher Wiley-Blackwell,
Year of publication c2013.
300 ## - PHYSICAL DESCRIPTION
Number of Pages 1 online resource (xii, 210 p.) :
Other physical details ill. (some col.)
650 #0 - SUBJECT ADDED ENTRY--TOPICAL TERM
Topical Term Medical education.
700 1# - ADDED ENTRY--PERSONAL NAME
Personal name Westwood, Olwyn M. R.
Personal name Griffin, Ann,
Personal name Hay, Frank C.
856 40 - ELECTRONIC LOCATION AND ACCESS
Uniform Resource Identifier http://site.ebrary.com/lib/rucke/Doc?id=10674813
588 ## -
-- Description based on online resource; title from title page (ebrary, viewed May 7, 2013).

No items available.

© 2026 Rongo University
Contact us: librarian | system librarian | Rongo university